000 00856nam 22002293 4500
001 200477
010 _a972-31-0521-7
021 _aPT
_b19819/90
090 _a200477
100 _a20260209d u||y0pory50 ba
200 _aAlimentação, energia e sociedade
_fDavid Pimentel, Marcia Pimentel
_gtradução de Henrique de Barros
210 _aLisboa
_cFundação Calouste Gulbenkian
_d1990
215 _a301, [3] p.
_cil. ; brochado
_d19 cm
225 _aManuais universitários
606 _91219
_aAgricultura. Ciências agrárias e técnicas relacionadas. Silvicultura. Explorações agrícolas. Exploração da vida selvagem
675 _a63
_vPT
_zpor
700 _916276
_aPimentel
_bDavid
_f1925-
701 _916277
_aPimentel
_bMarcia H.
_f1924-
702 _911982
_aBarros
_bHenrique
_f1904-2000
801 _aPT
_bBMMN
_gRPC
830 _cVanda
990 _cLIVROS